书目信息 |
| 题名: |
新型电脑显示器的原理与维修
|
|
| 作者: | 郑国川 编著 | |
| 分册: | ||
| 出版信息: | 上海 上海科技教育出版社 2004.06 |
|
| 页数: | 299页 | |
| 开本: | 26cm | |
| 丛书名: | ||
| 单 册: | ||
| 中图分类: | TP364.1 | |
| 科图分类: | ||
| 主题词: | 微型计算机--显示器--理论 | |
| 电子资源: | ||
| ISBN: | 7-5428-3494-0 | |
| 000 | 00612nam0 2200193 450 | |
| 001 | 0638586422 | |
| 005 | 20061010161222.89 | |
| 010 | @a7-5428-3494-0@dCNY 30.00 | |
| 100 | @a20060818d2004 km y0chiy0120 ea | |
| 101 | 0 | @achi |
| 102 | @aCN@b310000 | |
| 200 | 1 | @a新型电脑显示器的原理与维修@Axin xing dian nao xian shi qi de yuan li yu wei xiu@f郑国川编著@Fzheng guo chuan bian zhu |
| 210 | @a上海@c上海科技教育出版社@d2004.06 | |
| 215 | @a299页@d26cm | |
| 606 | 0 | @a微型计算机@x显示器@x理论 |
| 690 | @aTP364.1@v4 | |
| 701 | 0 | @a郑国川@Azheng guo chuan@4编著 |
| 801 | @aCN@c20061010 | |
| 905 | @a10447@dTP364.1@eZ430 | |
| 新型电脑显示器的原理与维修/郑国川编著.-上海:上海科技教育出版社,2004.06 |
| 299页;26cm |
| ISBN 7-5428-3494-0:CNY 30.00 |
| ● |
| 相关链接 |
|
|
|
正题名:新型电脑显示器的原理与维修
索取号:TP364.1/Z430
 
预约/预借
| 序号 | 登录号 | 条形码 | 馆藏地/架位号 | 状态 | 备注 |
| 1 | 608493 | 206084930 | 自科库301/ [索取号:TP364.1/Z430] | 在馆 | |
| 2 | 608494 | 206084949 | 自科库301/301自科库 62排4列1层/ [索取号:TP364.1/Z430] | 在馆 | |
| 3 | 608495 | 206084958 | 自科库301/301自科库 62排4列1层/ [索取号:TP364.1/Z430] | 在馆 |